Creación de una cultura de evaluación para la eficiencia de los procesos pedagógicos desde la gestión del centro educativo Máximo Gómez, distrito 1802 Tamayo, año escolar 2024-2025 / (Record no. 9949)

MARC details
000 -LEADER
campo de control de longitud fija 01411nam a22003137a 4500
001 - NÚMERO DE CONTROL
campo de control 9949
003 - IDENTIFICADOR DE NÚMERO DE CONTROL
campo de control UCATEBA
005 - FECHA Y HORA DE LA ÚLTIMA TRANSACCIÓN
campo de control 20250902080015.0
006 - CÓDIGOS DE INFORMACIÓN DE LONGITUD FIJA--CARACTERÍSTICAS DEL MATERIAL ADICIONAL
campo de control de longitud fija a
007 - CAMPO FIJO DE DESCRIPCIÓN FÍSICA--INFORMACIÓN GENERAL
campo de control de longitud fija a
008 - DATOS DE LONGITUD FIJA--INFORMACIÓN GENERAL
campo de control de longitud fija 250902b |||||||| |||| 00| 0 eng d
040 ## - FUENTE DE CATALOGACIÓN
Centro catalogador/agencia de origen DO-BaUCT
Lengua de catalogación spa
Centro/agencia transcriptor DO-BaUCT
Normas de descripción rda
041 0# - CÓDIGO DE IDIOMA
Código de lengua del texto/banda sonora o título independiente spa
Código de lengua original spa
090 ## - LOCALMENTE ASIGNADO TIPO-LC NÚMERO DE CLASIFICACIÓN (OCLC); NÚMERO DE CLASIFICACIÓN LOCAL (RLIN)
Número de clasificación (OCLC) (R) ; Numero de clasificación, CALL (RLIN) (NR) 01-EDU-MGC 003-2025
100 1# - ENTRADA PRINCIPAL--NOMBRE DE PERSONA
Nombre de persona Sánchez Perdomo, Yaidy María,
Término indicativo de función/relación autor
245 10 - MENCIÓN DEL TÍTULO
Título Creación de una cultura de evaluación para la eficiencia de los procesos pedagógicos desde la gestión del centro educativo Máximo Gómez, distrito 1802 Tamayo, año escolar 2024-2025 /
Mención de responsabilidad, etc. Yaidy María Sánchez Perdomo, Wanda Esther Mancebo Moreta ; Juana Estebania Suero Cuevas, asesor.
260 ## - PUBLICACIÓN, DISTRIBUCIÓN, ETC.
Lugar de publicación, distribución, etc. Barahona, República Dominicana :
Nombre del editor, distribuidor, etc. Universidad Católica Tecnológica de Barahona, (UCATEBA),
Fecha de publicación, distribución, etc. 2025
300 ## - DESCRIPCIÓN FÍSICA
Extensión vii,118,[30]hojas ;
Dimensiones 28cm
336 ## - TIPO DE CONTENIDO
Fuente rdacontent
Término de tipo de contenido texto
Código de tipo de contenido txt
337 ## - TIPO DE MEDIO
Fuente rdamedia
Nombre/término del tipo de medio sin mediación
Código del tipo de medio n
338 ## - TIPO DE SOPORTE
Fuente rdacarrier
Nombre/término del tipo de soporte volumen
Código del tipo de soporte nc
502 ## - NOTA DE TESIS
Nota de tesis Tesis de Postgrado (Maestría en Gestión de Centro Educativos) --UCATEBA-- Departamento de Postgrado, año 2025
504 ## - NOTA DE BIBLIOGRAFÍA, ETC.
Nota de bibliografía, etc. Nota Incluye Bibliografía.
650 #4 - PUNTO DE ACCESO ADICIONAL DE MATERIA--TÉRMINO DE MATERIA
Fuente del encabezamiento o término Armarc
Término de materia o nombre geográfico como elemento de entrada Cultura de Evaluación
650 #4 - PUNTO DE ACCESO ADICIONAL DE MATERIA--TÉRMINO DE MATERIA
Fuente del encabezamiento o término Armarc
Término de materia o nombre geográfico como elemento de entrada Procesos Pedagógicos
700 1# - ENTRADA AGREGADA--NOMBRE PERSONAL
Nombre de persona Mancebo Moreta, Wanda Esther,
Término indicativo de función/relación autor
700 1# - ENTRADA AGREGADA--NOMBRE PERSONAL
Nombre de persona Suero Cuevas, Juana Estebania,
Término indicativo de función/relación asesor
942 ## - ELEMENTOS DE ENTRADA SECUNDARIOS (KOHA)
Fuente de la clasificación o esquema de estantería Clasificación Decimal Dewey
Tipo de ítem Koha Tesis
Parte de clasificación 01-EDU-MGC 003-2025
Prefijo de la signatura 01-EDU-MGC
Sufijo de signatura topográfica 003-2025
Suprimir en OPAC No
Holdings
Estatus retirado Estado de pérdida Fuente de la clasificación o esquema de estantería Estado de daño No para préstamo Colección Biblioteca de origen Biblioteca actual Fecha de adquisición Fuente de adquisición Total de préstamos Signatura topográfica completa Código de barras Visto por última vez Copia número Precio de reemplazo Tipo de ítem Koha
    Clasificación Decimal Dewey     Acervo general de Libros Biblioteca Central Mons. Favio M. Rivas S. Biblioteca Central Mons. Favio M. Rivas S. 02/09/2025 Donado   01-EDU-MGC 003-2025 000000013276 02/09/2025 1 02/09/2025 Tesis